00689nam a2200217Ia 450000500170000000800410001702000230005804000190008104100120010008200130011210000190012524500520014426000510019630000130024750400500026065000140031085000100032494200070033499900160034195201140035720240113092133.0131103s9999 xx 000 0 und d a8176484520cRs 995 aLoreto College aEnglish a370bCHI aChitkara, M.G. aEducation and Human Values, bChitakra, M. G. aNew DelhibA.P.H. Publishing Corporationc2003 axx,483p  aIncludes bibliographical references and index aEducation aLCLIB cBK c4016d54495 00102ddc4070aMAINbMAINd2013-11-04l2o370 CHI 43653pB3883r2016-03-05s2016-02-19w2013-11-04yBKf